[Event "Niedersachsen-ch op"]
[Site "Verden"]
[Date "2011.01.04"]
[Round "6"]
[White "Dopychai, Reent"]
[Black "Steingraeber, Kai Uwe"]
[Result "1/2-1/2"]
[WhiteElo "1931"]
[BlackElo "2095"]
[PlyCount "86"]
[EventDate "2011.01.02"]
[EventType "swiss"]
[EventRounds "7"]
[EventCountry "GER"]
[SourceTitle "EXT 2018"]
[Source "ChessBase"]
[SourceDate "2017.10.13"]
[SourceVersion "1"]
[SourceVersionDate "2017.10.13"]
[SourceQuality "1"]

1. d4 Nf6 2. Bg5 e6 3. e4 h6 4. Bxf6 Qxf6 5. c3 c5 6. Ne2 b6 7. g3 Bb7 8. Bg2 Qg6 9. Nd2 cxd4 10. cxd4 Bb4 11. d5 0-0 12. 0-0 Rc8 13. a3 Bf8 14. Qa4 exd5 15. Nf4 Qf6 16. Nxd5 Qxb2 17. Nc4 Qe2 18. Ne5 d6 19. Nf3 Nc6 20. Rfe1 Qa6 21. Qb3 Ne5 22. Nh4 Qc4 23. Qe3 Qc5 24. Qe2 a5 25. Nf5 Ba6 26. Qh5 Nd3 27. Rf1 Ra7 28. Bh3 Ne5 29. Rfd1 Ng6 30. Nxh6+ gxh6 31. Bxc8 Qxc8 32. Nxb6 Qb7 33. Nd5 Bc4 34. Rab1 Qc8 35. Rdc1 Ne5 36. Nb6 Qe6 37. Nxc4 Nxc4 38. Rb8 Ne5 39. Rcc8 Nd7 40. Re8 Qg6 41. Qb5 Kg7 42. Rxf8 Nxf8 43. Rxf8 Kxf8 1/2-1/2

[Event "Niedersachsen-ch op"]
[Site "Verden"]
[Date "2011.01.04"]
[Round "5"]
[White "Thumulka, Patrick"]
[Black "Dopychai, Reent"]
[Result "1/2-1/2"]
[WhiteElo "1936"]
[BlackElo "1931"]
[PlyCount "38"]
[EventDate "2011.01.02"]
[EventType "swiss"]
[EventRounds "7"]
[EventCountry "GER"]
[SourceTitle "EXT 2018"]
[Source "ChessBase"]
[SourceDate "2017.10.13"]
[SourceVersion "1"]
[SourceVersionDate "2017.10.13"]
[SourceQuality "1"]

1. e4 d6 2. d4 e5 3. Nf3 Nc6 4. Bb5 Bd7 5. Nc3 exd4 6. Nxd4 Nf6 7. 0-0 Be7 8. Bf4 0-0 9. Nxc6 Bxc6 10. Qd3 Qd7 11. Rfe1 Rfe8 12. Rad1 a6 13. Bc4 Qg4 14. Bg3 Nh5 15. h3 Qg5 16. Bh2 Bf6 17. Nd5 Rac8 18. c3 Be5 19. Bxe5 Rxe5 1/2-1/2

[Event "Niedersachsen-ch op"]
[Site "Verden"]
[Date "2011.01.02"]
[Round "2"]
[White "Dopychai, Reent"]
[Black "Issing, Peter"]
[Result "0-1"]
[WhiteElo "1931"]
[BlackElo "2273"]
[PlyCount "110"]
[EventDate "2011.01.02"]
[EventType "swiss"]
[EventRounds "7"]
[EventCountry "GER"]
[SourceTitle "EXT 2018"]
[Source "ChessBase"]
[SourceDate "2017.10.13"]
[SourceVersion "1"]
[SourceVersionDate "2017.10.13"]
[SourceQuality "1"]

1. d4 Nf6 2. Bg5 e6 3. e4 c5 4. Nc3 cxd4 5. Qxd4 Nc6 6. Qe3 Qa5 7. Bd3 a6 8. Nge2 Ng4 9. Qd2 Bc5 10. 0-0 b5 11. a3 Qb6 12. Nd1 0-0 13. h3 Nge5 14. b4 Bd6 15. Be3 Qc7 16. f4 Nxd3 17. cxd3 Be7 18. Ndc3 Rd8 19. Rac1 Qb7 20. d4 d5 21. e5 a5 22. Qd3 axb4 23. axb4 Nxb4 24. Qxb5 Qxb5 25. Nxb5 Ba6 26. Nbc3 Na2 27. Rb1 Nxc3 28. Nxc3 Bxf1 29. Kxf1 Rdb8 30. Rxb8+ Rxb8 31. Kf2 Rb2+ 32. Ne2 Kf8 33. g4 Bh4+ 34. Kf3 Rb3 35. f5 Bg5 36. Nf4 Ke7 37. h4 Bxh4 38. Ke2 Kd7 39. Ng2 Be7 40. Ne1 Rb2+ 41. Kf3 Kc6 42. Nd3 Rb3 43. Ke2 h6 44. Bf2 Ra3 45. Nf4 Bg5 46. Nd3 Kb5 47. fxe6 fxe6 48. Nc5 Ra6 49. Nxa6 Kxa6 50. Kf3 Kb5 51. Kg3 Kc4 52. Kh3 Kd3 53. Bg1 Be3 54. Bh2 Bxd4 55. Kh4 g6 0-1

[Event "Bad Zwischenahn op 1st"]
[Site "Bad Zwischenahn"]
[Date "2004.??.??"]
[Round "2"]
[White "Dopychai, Reent"]
[Black "Burghardt, Bernd"]
[Result "1-0"]
[WhiteElo "1489"]
[BlackElo "1591"]
[PlyCount "111"]
[EventDate "2004.07.30"]
[EventType "swiss"]
[EventRounds "9"]
[EventCountry "GER"]
[SourceTitle "EXT 2006"]
[Source "ChessBase"]
[SourceDate "2005.11.24"]
[SourceVersion "1"]
[SourceVersionDate "2005.11.24"]
[SourceQuality "1"]

1. e4 e5 2. Nf3 Nc6 3. Bc4 Nf6 4. d3 Be7 5. Nc3 0-0 6. 0-0 d6 7. h3 Na5 8. Bb3 Nxb3 9. axb3 Re8 10. Be3 Bf8 11. Bg5 Be7 12. Qd2 c6 13. Ra2 Nh5 14. Ne2 f5 15. Ng3 Nxg3 16. fxg3 fxe4 17. dxe4 Rf8 18. Bxe7 Qxe7 19. Raa1 b6 20. Qg5 Qxg5 21. Nxg5 Rxf1+ 22. Rxf1 h6 23. Nf7 Ba6 24. Rf2 Rf8 25. Nxd6 Rxf2 26. Kxf2 g6 27. b4 Kf8 28. c4 Ke7 29. c5 Bd3 30. Ke3 Bf1 31. Kf3 bxc5 32. bxc5 a5 33. h4 h5 34. g4 hxg4+ 35. Kxg4 Kf6 36. Kf3 Ba6 37. g4 a4 38. g5+ Ke7 39. Ke3 Ke6 40. Kd2 Ke7 41. Kc3 Be2 42. Kb4 Bd1 43. Nc4 Ke6 44. Nb6 Bc2 45. Nxa4 Bxe4 46. Nc3 Bf3 47. Kc4 Kf5 48. Kd3 Kg4 49. Ke3 Bh1 50. b4 Kxh4 51. Ne4 Bg2 52. b5 cxb5 53. c6 Bh3 54. Kd3 Kg4 55. Nf2+ Kg3 56. Nxh3 1-0

[Event "Bad Zwischenahn op 1st"]
[Site "Bad Zwischenahn"]
[Date "2004.??.??"]
[Round "9"]
[White "Dopychai, Reent"]
[Black "Rulfs, Ernst August"]
[Result "1-0"]
[WhiteElo "1489"]
[BlackElo "1386"]
[PlyCount "43"]
[EventDate "2004.07.30"]
[EventType "swiss"]
[EventRounds "9"]
[EventCountry "GER"]
[SourceTitle "EXT 2006"]
[Source "ChessBase"]
[SourceDate "2005.11.24"]
[SourceVersion "1"]
[SourceVersionDate "2005.11.24"]
[SourceQuality "1"]

1. e4 e6 2. Nf3 c5 3. d4 d5 4. exd5 exd5 5. c4 Nf6 6. Nc3 Be7 7. dxc5 Be6 8. Ng5 Bxc5 9. Nxe6 fxe6 10. cxd5 exd5 11. Bb5+ Nc6 12. 0-0 0-0 13. Bg5 a6 14. Bd3 Qd6 15. Qb3 Ne7 16. Rad1 Kh8 17. Be2 Rad8 18. Bxf6 Rxf6 19. Ne4 Bxf2+ 20. Rxf2 Rxf2 21. Nxd6 Rxe2 22. Nf7+ 1-0

[Event "Bad Zwischenahn op 1st"]
[Site "Bad Zwischenahn"]
[Date "2004.??.??"]
[Round "8"]
[White "Lange, Detlef"]
[Black "Dopychai, Reent"]
[Result "1-0"]
[WhiteElo "1659"]
[BlackElo "1489"]
[PlyCount "43"]
[EventDate "2004.07.30"]
[EventType "swiss"]
[EventRounds "9"]
[EventCountry "GER"]
[SourceTitle "EXT 2006"]
[Source "ChessBase"]
[SourceDate "2005.11.24"]
[SourceVersion "1"]
[SourceVersionDate "2005.11.24"]
[SourceQuality "1"]

1. e4 e5 2. Nf3 Nc6 3. d4 exd4 4. Nxd4 Qh4 5. Be3 Qxe4 6. Nd2 Qe5 7. N2f3 Qa5+ 8. c3 Nxd4 9. Bxd4 f6 10. Bc4 d5 11. Bd3 c5 12. Be3 c4 13. Bc2 Bd7 14. 0-0 0-0-0 15. b4 Qa6 16. a4 Bg4 17. h3 Bxf3 18. Qxf3 b6 19. Bf4 g5 20. Bf5+ Kb7 21. Bh2 Ne7 22. Qg3 1-0